Ile wiesz o klockach LEGO? - Statystyki

Ogólne statystyki
  • Ten quiz został rozwiązany 168 razy
    167 od ostatniego zresetowania
  • Średni wynik to 5 z 12
Statystyki odpowiedzi
Pytanie % Poprawnych
Kraj pochodzenia Dania
99%
Obecny materiał produkcyjny Plastik
78%
Pierwszy materiał produkcyjny Drewno
69%
Dziewięćdziesięciolecie firmy obchodziliśmy w roku 2022
50%
Pierwszy sklep LEGO w Polsce został otwarty w roku 2016
48%
Grupa LEGO posiada rekord Guinnessa pod względem największej liczby wyprodukowanych Opon
44%
Otwarcie LEGO house nastąpiło w roku 2017
43%
Miejscowość pochodzenia Billund
38%
Założyciel Ole Kirk Christiansen
22%
Nazwa LEGO pochodzi od duńskiego słowa "baw się dobrze" Leg Godt
16%
Pierwszy sklep LEGO został otwarty w Niemczech
6%
Międzynarodowy dzień klocków LEGO obchodzimy 27 stycznia
2%
Nie znaleziono quizów pasujących do podanych kryteriów
Rozkład punktacji
Procent ludzi z każdym wynikiem
Percentyl według liczby udzielonych odpowiedzi
Twoja historia wyników
Nie rozwiązałeś tego quizu od ostatniego zresetowania